000 00855cam a22002651 4500
001 21169
003 BD-RjUL
005 20211209000645.0
008 140303s1965 enka 000 0 eng d
035 _a(BD-RjUL)21233
035 _a(OCoLC)4899356
040 _aDLC
_cNSyU
_dUk
_dBD-RjUL
_beng
041 1 _aengurd
082 _a891.415
_bGHS 1965
100 1 _aGhalib, Mirza
_d1797-1869
_965420
245 1 0 _aSelected verses of Mirza Ghalib /
_cRendered into English by Sufia Sadullah. Illustrated by Colin David.
260 _aBeaconfield, Eng. :
_bD. Finlayson,
_cc1965.
300 _axi, Various pages :
_billus. ;
_c23 cm.
650 _aHindustani literature Poetry
_965421
700 1 _aSadullah, Sufia,
_d1924-
_etr.
_965422
700 1 _aDavid, Colin,
_eillus.
_965423
942 _2ddc
_cBK
999 _c21169
_d21169